000 00525nam a2200205Ia 4500
003 0100
008 130303s9999 xx 000 0 und d
040 _cARRUPELIB
050 _aB2799.K7R45
100 _aRescher, Nicholas
245 4 _aThe primacy of practice
245 _bessays towards a pragmatically Kantian theory of empirical knowledge
260 _aOxford
260 _bBasil Blackwell
260 _C1973
300 _a156p.
300 _b 22cm
650 _bSynod of Bishops--Africa
942 _2lcc
_01
999 _c63611
_d63611